Guess the Hidden Cities behind the Christmas Scenery on the Map! - Statistics

General Stats
  • This quiz has been taken 1,596 times
  • The average score is 23 of 36
Answers on the Map
Answers color-coded by a green-red scale on the quiz's map according to % correct below.
 
Answer Stats
Illustrations Villes % Correct
7 Jeppy Seattle
91%
6 Poinsettias Stockholm
90%
5 Gifts Lima
88%
4 Yellow ornament Bogota
84%
2 Sleigh Cape Town
84%
4 Christmas Tree Mexico
82%
6 Poinsettias Anchorage
80%
4 Blue ornament Havana
80%
1 Snowboard Lagos
76%
8 Carrot Taipei
76%
4 Christmas Tree's Star Toronto
76%
5 Gifts Brasilia
74%
2 Sleigh Stars Dhaka
74%
5 Gifts Auckland
72%
3 Sapins Delhi
71%
5 Gifts Khartoum
70%
1 Santa Madrid
68%
2 Sleigh Stars Antananarivo
67%
3 Sapins Astana
67%
4 Garlands Atlanta
66%
5 Gifts Bucharest
66%
2 Hood Windhoek
65%
6 Poinsettias Baku
64%
8 Rudolph Shanghai
63%
8 Star Nuuk
62%
8 Christmas Hat Brisbane
59%
6 Poinsettias Sapporo
53%
2 Sleigh Stars Victoria
53%
2 Sleigh Stars Bangalore
52%
4 Red ornament Charlotte
47%
4 Garlands Santo Domingo
46%
3 Sapins Ürümqi
45%
4 Pink ornament Port of Spain
41%
4 Garlands Guayaquil
36%
3 Sapins Yekaterinburg
33%
8 Chalets Punta Arenas
13%
No matching quizzes found
Score Distribution
Percent of People with Each Score
Percentile by Number Answered
Your Score History
You have not taken this quiz